| 000 | 00646nam a2200193Ia 4500 | ||
|---|---|---|---|
| 008 | 151119s9999||||xx |||||||||||||| ||und|| | ||
| 082 | _a398.3दाभोळ/म्तीभा | ||
| 082 | _bGKKV32527 | ||
| 100 | _aदाभोलकर नरेंद्र | ||
| 245 | _aमती भानामती | ||
| 260 | _aपुणे | ||
| 260 | _bराजहंस प्रकाशन | ||
| 260 | _c2013 | ||
| 600 | _aदाभोलकर नरेंद्र | ||
| 630 | _aमती भानामती | ||
| 700 | _aदाभोलकर नरेंद्र | ||
| 730 | _aमती भानामती | ||
| 942 | _cBOOK | ||
| 999 |
_c1084830 _d1084827 |
||